[Event "EU-ch 23rd"]
[Site "Vrnjacka Banja"]
[Date "2023.03.11"]
[Round "9"]
[White "Lorscheid, Gerhard"]
[Black "Palczert, Matyas"]
[Result "0-1"]
[WhiteElo "2140"]
[BlackElo "2304"]
[PlyCount "53"]
[EventDate "2023.03.03"]
[EventType "swiss"]
[EventRounds "11"]
[EventCountry "SRB"]
[SourceTitle "CBM 213"]
[Source "ChessBase"]
[SourceDate "2023.04.30"]
[SourceVersion "1"]
[SourceVersionDate "2023.04.30"]
[SourceQuality "1"]

1. Nf3 Nf6 2. c4 e6 3. g3 a6 4. Nc3 d5 5. cxd5 exd5 6. d4 Bd6 7. Bg2 0-0 8. 0-0 c6 9. Qb3 h6 10. Bf4 Bxf4 11. gxf4 Nfd7 12. e3 Re8 13. Ne5 Nf8 14. Kh1 Qe7 15. Qa3 Qd8 16. Qb3 Nbd7 17. Qc2 Nxe5 18. fxe5 Ng6 19. f4 Nh4 20. Rf2 b5 21. Rg1 Re6 22. b4 a5 23. a3 axb4 24. axb4 Rg6 25. Qb2 Qd7 26. Bf1 Rxg1+ 27. Kxg1 0-1

[Event "EU-ch 23rd"]
[Site "Vrnjacka Banja"]
[Date "2023.03.10"]
[Round "8"]
[White "Gaal, Zsoka"]
[Black "Lorscheid, Gerhard"]
[Result "1/2-1/2"]
[WhiteElo "2320"]
[BlackElo "2140"]
[PlyCount "48"]
[EventDate "2023.03.03"]
[EventType "swiss"]
[EventRounds "11"]
[EventCountry "SRB"]
[SourceTitle "CBM 213"]
[Source "ChessBase"]
[SourceDate "2023.04.30"]
[SourceVersion "1"]
[SourceVersionDate "2023.04.30"]
[SourceQuality "1"]

1. d4 d6 2. Nf3 Nf6 3. c4 Nbd7 4. g3 e5 5. Nc3 Be7 6. Bg2 0-0 7. 0-0 c6 8. e4 Re8 9. h3 a6 10. a4 a5 11. Be3 Qc7 12. Qc2 exd4 13. Nxd4 Nc5 14. Rad1 Na6 15. Rfe1 Bf8 16. f4 Nd7 17. Kh2 Ndc5 18. b3 Nb4 19. Qb1 Bd7 20. Nf3 Nba6 21. Re2 Qb6 22. Nh4 Rad8 23. Rdd2 Bc8 24. g4 g6 1/2-1/2

[Event "EU-ch 23rd"]
[Site "Vrnjacka Banja"]
[Date "2023.03.08"]
[Round "6"]
[White "Bozanic, Jovan"]
[Black "Lorscheid, Gerhard"]
[Result "0-1"]
[WhiteElo "1934"]
[BlackElo "2140"]
[PlyCount "80"]
[EventDate "2023.03.03"]
[EventType "swiss"]
[EventRounds "11"]
[EventCountry "SRB"]
[SourceTitle "CBM 213"]
[Source "ChessBase"]
[SourceDate "2023.04.30"]
[SourceVersion "1"]
[SourceVersionDate "2023.04.30"]
[SourceQuality "1"]

1. e4 d6 2. d4 Nf6 3. Nc3 e5 4. Nf3 Nbd7 5. g4 Nxg4 6. Rg1 Ngf6 7. Bc4 h6 8. Be3 c6 9. a4 Qa5 10. Nd2 exd4 11. Bxd4 Ne5 12. Qe2 Bg4 13. f3 Bh5 14. Qe3 g5 15. 0-0-0 Be7 16. Be2 Rg8 17. Kb1 Bg6 18. h4 Nfd7 19. Rg2 a6 20. Nb3 Qc7 21. a5 0-0-0 22. Na4 Rde8 23. Ba7 c5 24. Nc3 Bd8 25. Nd5 Qc6 26. Qc3 f5 27. Nd2 Qa4 28. Bb6 Nxb6 29. axb6 fxe4 30. fxe4 Qc6 31. Qa5 Kb8 32. Rg3 Bf7 33. Nc4 Nxc4 34. Bxc4 Rxe4 35. Rf3 Bh5 36. Re3 Rxc4 37. Rd2 Qa4 38. Qxa4 Rxa4 39. Re6 gxh4 40. b3 Rd4 0-1

[Event "EU-ch 23rd"]
[Site "Vrnjacka Banja"]
[Date "2023.03.05"]
[Round "3"]
[White "Lorscheid, Gerhard"]
[Black "Senel, Hayri Beyhun"]
[Result "0-1"]
[WhiteElo "2140"]
[BlackElo "1904"]
[PlyCount "51"]
[EventDate "2023.03.03"]
[EventType "swiss"]
[EventRounds "11"]
[EventCountry "SRB"]
[SourceTitle "CBM 213"]
[Source "ChessBase"]
[SourceDate "2023.04.30"]
[SourceVersion "1"]
[SourceVersionDate "2023.04.30"]
[SourceQuality "1"]

1. Nf3 Nf6 2. c4 d6 3. d4 g6 4. Nc3 Bg7 5. Bg5 Nbd7 6. e3 0-0 7. Qc2 Re8 8. Be2 c6 9. 0-0 Qc7 10. Nd2 e5 11. dxe5 dxe5 12. b4 Nf8 13. Rab1 Bf5 14. e4 Bd7 15. Nb3 Ne6 16. Be3 Nf4 17. Rfd1 h6 18. f3 Rad8 19. Bf1 b6 20. a4 g5 21. c5 g4 22. cxb6 axb6 23. Qf2 Rb8 24. a5 bxa5 25. bxa5 gxf3 26. gxf3 0-1

[Event "EU-ch 23rd"]
[Site "Vrnjacka Banja"]
[Date "2023.03.04"]
[Round "2"]
[White "Samani, Yamac"]
[Black "Lorscheid, Gerhard"]
[Result "1-0"]
[WhiteElo "2357"]
[BlackElo "2140"]
[PlyCount "49"]
[EventDate "2023.03.03"]
[EventType "swiss"]
[EventRounds "11"]
[EventCountry "SRB"]
[SourceTitle "CBM 213"]
[Source "ChessBase"]
[SourceDate "2023.04.30"]
[SourceVersion "1"]
[SourceVersionDate "2023.04.30"]
[SourceQuality "1"]

1. e4 d6 2. d4 Nf6 3. Nc3 e5 4. Nge2 Be7 5. h3 0-0 6. g4 exd4 7. Qxd4 Nc6 8. Qd1 Be6 9. Bg2 Bc4 10. g5 Nd7 11. f4 Re8 12. 0-0 Bf8 13. b3 Ba6 14. Bb2 Nb6 15. Re1 d5 16. exd5 Nb4 17. a3 Bxe2 18. Rxe2 Rxe2 19. Qxe2 N4xd5 20. Nxd5 Nxd5 21. Qe5 c6 22. Rd1 Rc8 23. f5 Ne7 24. Be4 c5 25. f6 1-0

[Event "BL2-Sued 2223"]
[Site "Germany"]
[Date "2023.02.04"]
[Round "5.8"]
[White "Lorscheid, Gerhard"]
[Black "Hauck, Heiko"]
[Result "1-0"]
[WhiteElo "2119"]
[BlackElo "2082"]
[PlyCount "65"]
[EventDate "2022.10.22"]
[EventType "team-tourn"]
[EventRounds "9"]
[EventCountry "GER"]
[SourceTitle "EXT 2024"]
[Source "ChessBase"]
[SourceDate "2023.10.10"]
[SourceVersion "1"]
[SourceVersionDate "2023.10.10"]
[SourceQuality "1"]
[WhiteTeam "Stuttgart"]
[BlackTeam "Speyer Schwegenheim"]
[WhiteTeamCountry "GER"]
[BlackTeamCountry "GER"]

1. Nf3 d5 2. c4 e6 3. b3 f5 4. Bb2 Nf6 5. g3 Bd6 6. Bg2 0-0 7. 0-0 Qe8 8. d3 Nbd7 9. Nc3 c6 10. e4 dxe4 11. dxe4 Bc7 12. exf5 exf5 13. Ba3 Ne4 14. Qc2 Nd6 15. Rad1 Rf6 16. Rfe1 Qh5 17. c5 Nf7 18. Re8+ Nf8 19. Qe2 Re6 20. Qxe6 Bxe6 21. Rxa8 f4 22. Re1 Nd8 23. Nd4 Bg4 24. Re7 fxg3 25. hxg3 Nd7 26. b4 Kf8 27. Re1 Ne5 28. Ne4 Bh3 29. Bxh3 Qxh3 30. Nd6 Qh5 31. Bb2 Nd3 32. Ne6+ Ke7 33. Nf5+ 1-0

[Event "San Cristobal de La Laguna op 4th"]
[Site "San Cristobal de La Laguna"]
[Date "2022.09.02"]
[Round "8"]
[White "Lorscheid, Gerhard"]
[Black "Ambartsumova, Karina"]
[Result "0-1"]
[WhiteElo "2127"]
[BlackElo "2386"]
[PlyCount "64"]
[EventDate "2022.08.27"]
[EventType "swiss"]
[EventRounds "9"]
[EventCountry "ESP"]
[SourceTitle "CBM 210 Extra"]
[Source "ChessBase"]
[SourceDate "2022.11.30"]
[SourceVersion "1"]
[SourceVersionDate "2022.11.30"]
[SourceQuality "1"]

1. d4 Nf6 2. c4 g6 3. Nc3 Bg7 4. e4 d6 5. Be2 0-0 6. Bg5 Na6 7. h4 h6 8. Be3 e5 9. d5 Nc5 10. Qc2 c6 11. h5 cxd5 12. cxd5 Qa5 13. Bd2 Bd7 14. hxg6 fxg6 15. f3 Qc7 16. g4 h5 17. g5 Nh7 18. Be3 Rac8 19. Rc1 Qd8 20. Qd2 a6 21. Rh2 Rf4 22. b4 Na4 23. Nxa4 Bxa4 24. Nh3 Rf7 25. Rxc8 Qxc8 26. Bb6 Bd7 27. Nf2 Bf8 28. Rh1 Be7 29. Be3 Qf8 30. Rg1 Bb5 31. Bd1 Rxf3 32. Bxf3 Qxf3 0-1

[Event "Barbera del Valles op 44th"]
[Site "Barbera del Valles"]
[Date "2022.07.08"]
[Round "5"]
[White "Shah, Vishwa Megh"]
[Black "Lorscheid, Gerhard"]
[Result "1-0"]
[WhiteElo "1931"]
[BlackElo "2126"]
[PlyCount "91"]
[EventDate "2022.07.04"]
[EventType "swiss"]
[EventRounds "9"]
[EventCountry "ESP"]
[SourceTitle "EXT 2023"]
[Source "ChessBase"]
[SourceDate "2022.10.05"]
[SourceVersion "1"]
[SourceVersionDate "2022.10.05"]
[SourceQuality "1"]

1. e4 d6 2. d4 Nf6 3. Nc3 e5 4. Nf3 Nbd7 5. Bc4 Be7 6. 0-0 Nb6 7. Bb3 exd4 8. Nxd4 c5 9. Nf5 Bxf5 10. exf5 c4 11. Ba4+ Nxa4 12. Nxa4 d5 13. Nc3 Qd7 14. Bg5 Rd8 15. Qf3 0-0 16. Rad1 d4 17. Ne2 d3 18. cxd3 cxd3 19. Nc1 Qd5 20. Rxd3 Qxf3 21. Rxf3 Rd5 22. Ne2 Rb5 23. Rb1 h6 24. Nc3 Re5 25. Re3 Rxe3 26. Bxe3 a6 27. Rd1 Rc8 28. h3 b5 29. g4 Bb4 30. Nd5 Nxd5 31. Rxd5 Be7 32. Kg2 Bf6 33. Rd6 Rc2 34. Rxa6 Rxb2 35. Kf3 b4 36. Bxh6 Bd4 37. Be3 Bxe3 38. fxe3 Rh2 39. Kg3 Re2 40. Kf4 Rf2+ 41. Ke4 Rh2 42. Ra4 Rxh3 43. Rxb4 Rh2 44. a4 f6 45. Kd5 Re2 46. Re4 1-0

[Event "Teplice op 15th"]
[Site "Teplice"]
[Date "2022.06.18"]
[Round "1"]
[White "Azarov, Sergei Nikolaevich"]
[Black "Lorscheid, Gerhard"]
[Result "1/2-1/2"]
[WhiteElo "2588"]
[BlackElo "2107"]
[PlyCount "64"]
[EventDate "2022.06.18"]
[EventType "swiss"]
[EventRounds "9"]
[EventCountry "CZE"]
[SourceTitle "CBM 209 Extra"]
[Source "ChessBase"]
[SourceDate "2022.09.30"]
[SourceVersion "1"]
[SourceVersionDate "2022.09.30"]
[SourceQuality "1"]

1. e4 d6 2. d4 Nf6 3. Nc3 e5 4. Nf3 Nbd7 5. Bc4 Be7 6. 0-0 0-0 7. Re1 c6 8. a4 h6 9. h3 Re8 10. Be3 Bf8 11. d5 a5 12. Qd3 Nb8 13. Nd2 Na6 14. Bxa6 Rxa6 15. Nc4 Qc7 16. Rad1 cxd5 17. exd5 Nd7 18. Nb5 Qd8 19. f4 exf4 20. Bxf4 Rxe1+ 21. Rxe1 Nc5 22. Qe3 Nxa4 23. Ncxd6 Bd7 24. Kh1 Nxb2 25. Qd4 Qh4 26. Qe3 Bxb5 27. Nxb5 Nc4 28. Qg3 Qxg3 29. Bxg3 a4 30. Re4 Nd6 31. Nxd6 Bxd6 32. Bxd6 Rxd6 1/2-1/2

[Event "EU-ch 22nd"]
[Site "Terme Catez"]
[Date "2022.03.30"]
[Round "4"]
[White "Lorscheid, Gerhard"]
[Black "Barp, Alberto"]
[Result "0-1"]
[WhiteElo "2150"]
[BlackElo "2388"]
[PlyCount "38"]
[EventDate "2022.03.27"]
[EventType "swiss"]
[EventRounds "11"]
[EventCountry "SLO"]
[SourceTitle "CBM 208"]
[Source "ChessBase"]
[SourceDate "2022.06.30"]
[SourceVersion "1"]
[SourceVersionDate "2022.06.30"]
[SourceQuality "1"]

1. d4 Nf6 2. Nf3 d5 3. Bf4 c5 4. dxc5 e6 5. e3 Bxc5 6. Be2 Nc6 7. 0-0 0-0 8. c4 Qe7 9. Nc3 Rd8 10. cxd5 exd5 11. Na4 Bd6 12. Bxd6 Rxd6 13. Nd4 Ne4 14. Nxc6 bxc6 15. Qd4 Rh6 16. Nc3 Bf5 17. Nxe4 Bxe4 18. g3 c5 19. Qd2 Qh4 0-1

[Event "EU-ch 22nd"]
[Site "Terme Catez"]
[Date "2022.03.27"]
[Round "1"]
[White "Kobo, Ori"]
[Black "Lorscheid, Gerhard"]
[Result "1-0"]
[WhiteElo "2510"]
[BlackElo "2150"]
[PlyCount "71"]
[EventDate "2022.03.27"]
[EventType "swiss"]
[EventRounds "11"]
[EventCountry "SLO"]
[SourceTitle "CBM 208"]
[Source "ChessBase"]
[SourceDate "2022.06.30"]
[SourceVersion "1"]
[SourceVersionDate "2022.06.30"]
[SourceQuality "1"]

1. d4 d6 2. e4 Nf6 3. Nc3 g6 4. Nf3 c6 5. Be3 Nbd7 6. Qd2 e5 7. 0-0-0 Qe7 8. h3 Bg7 9. Bh6 Bxh6 10. Qxh6 Ng8 11. Qe3 Ngf6 12. a4 b6 13. d5 c5 14. g4 a6 15. Be2 Kd8 16. Nd2 h5 17. Nc4 Kc7 18. Rdf1 Bb7 19. f4 Raf8 20. fxe5 Nxe5 21. Qg5 Nxc4 22. Bxc4 Ng8 23. Qxe7+ Nxe7 24. g5 h4 25. Rf6 Ng8 26. Rf3 f5 27. exf5 Rxf5 28. Re3 Rxg5 29. Re8 Bc8 30. Ne4 Re5 31. Nxd6 Rxe8 32. Nxe8+ Kd7 33. Re1 Rh7 34. d6 Kc6 35. Bxg8 Rh8 36. Re7 1-0

[Event "Sitges Sunway op 8th"]
[Site "Sitges"]
[Date "2021.12.17"]
[Round "5"]
[White "Lorscheid, Gerhard"]
[Black "Guichard, Pauline"]
[Result "0-1"]
[WhiteElo "2169"]
[BlackElo "2394"]
[PlyCount "84"]
[EventDate "2021.12.13"]
[EventType "swiss"]
[EventRounds "10"]
[EventCountry "ESP"]
[SourceTitle "CBM 205 Extra"]
[Source "ChessBase"]
[SourceDate "2022.01.31"]
[SourceVersion "1"]
[SourceVersionDate "2022.01.31"]
[SourceQuality "1"]

1. c4 Nf6 2. Nc3 e6 3. Nf3 d5 4. e3 b6 5. b3 Bb7 6. Bb2 Nbd7 7. Be2 a6 8. 0-0 Bd6 9. cxd5 exd5 10. Nd4 c5 11. Nf5 Bf8 12. d4 g6 13. Ng3 Bg7 14. Bf3 0-0 15. dxc5 Nxc5 16. Rc1 Rc8 17. Nge2 Ne6 18. Nd4 Nxd4 19. Qxd4 Ne4 20. Qd3 Nc5 21. Qd1 Qg5 22. Na4 Nxa4 23. Bxg7 Rxc1 24. Qxc1 Kxg7 25. bxa4 Rc8 26. Qb2+ Qf6 27. Qxf6+ Kxf6 28. Rb1 Ke5 29. h3 Rc6 30. a5 b5 31. a4 bxa4 32. Ra1 Rc4 33. Bd1 Bc6 34. f4+ Kd6 35. Kf2 Rc5 36. Ke1 Rxa5 37. Ra3 h5 38. g3 Bd7 39. g4 h4 40. Kd2 Bb5 41. Rc3 a3 42. Rc1 Bc4 0-1

[Event "EU-ch 21st"]
[Site "Reykjavik"]
[Date "2021.09.01"]
[Round "7"]
[White "Lorscheid, Gerhard"]
[Black "Briem, Benedikt"]
[Result "1/2-1/2"]
[WhiteElo "2202"]
[BlackElo "1858"]
[PlyCount "159"]
[EventDate "2021.08.26"]
[EventType "swiss"]
[EventRounds "11"]
[EventCountry "ISL"]
[SourceTitle "CBM 204"]
[Source "ChessBase"]
[SourceDate "2021.10.31"]
[SourceVersion "1"]
[SourceVersionDate "2021.10.31"]
[SourceQuality "1"]

1. g3 Nf6 2. Bg2 d5 3. Nf3 e6 4. 0-0 Be7 5. c4 dxc4 6. Qa4+ Bd7 7. Qxc4 Bc6 8. Nc3 Nbd7 9. e4 0-0 10. Qe2 Bb4 11. e5 Nd5 12. Nb5 Bxb5 13. Qxb5 a6 14. Qe2 Be7 15. d3 c5 16. h4 Qc7 17. Re1 Rfd8 18. a3 Rac8 19. Qe4 c4 20. Ng5 Nf8 21. Qf3 Bxg5 22. Bxg5 Re8 23. Rac1 b5 24. dxc4 bxc4 25. Bf1 Qb6 26. Rc2 c3 27. bxc3 Qb3 28. Rec1 Qxa3 29. Qd3 a5 30. Bd2 Nd7 31. Qe2 Nc5 32. Be1 a4 33. Rb1 Nb3 34. Ra2 Qc5 35. c4 Nb6 36. Bc3 Qxc4 37. Qxc4 Nxc4 38. Rxa4 Ncd2 39. Bxd2 Nxd2 40. Rba1 Nf3+ 41. Kg2 Nxe5 42. R1a2 g6 43. Ra5 Ng4 44. Be2 Nf6 45. Ra7 Kf8 46. Bf3 h5 47. Rb7 Re7 48. Rxe7 Kxe7 49. Ra7+ Nd7 50. Be2 Rc5 51. Bd1 Rd5 52. Ba4 f6 53. Kf3 e5 54. Ke2 f5 55. Bc6 Rd6 56. Ba4 Ke6 57. Bxd7+ Rxd7 58. Ra6+ Rd6 59. Ra5 Kf6 60. Rb5 Re6 61. Rb7 Ra6 62. Rb5 e4 63. Kf1 g5 64. hxg5+ Kxg5 65. Rb8 Rg6 66. Kg2 h4 67. gxh4+ Kf4+ 68. Kf1 Rh6 69. Ke2 Rxh4 70. Ra8 Rh1 71. Rb8 Ra1 72. Rb5 Ra2+ 73. Kf1 Kg4 74. Re5 Ra4 75. Kg2 f4 76. Rxe4 Rxe4 77. f3+ Kf5 78. fxe4+ Kxe4 79. Kf2 Kf5 80. Kf3 1/2-1/2

[Event "EU-ch 21st"]
[Site "Reykjavik"]
[Date "2021.08.28"]
[Round "3"]
[White "Lorscheid, Gerhard"]
[Black "Maurizzi, Marc Andria"]
[Result "1/2-1/2"]
[WhiteElo "2202"]
[BlackElo "2488"]
[PlyCount "45"]
[EventDate "2021.08.26"]
[EventType "swiss"]
[EventRounds "11"]
[EventCountry "ISL"]
[SourceTitle "CBM 204"]
[Source "ChessBase"]
[SourceDate "2021.10.31"]
[SourceVersion "1"]
[SourceVersionDate "2021.10.31"]
[SourceQuality "1"]

1. d4 Nf6 2. c4 g6 3. Nc3 Bg7 4. e4 d6 5. Be2 0-0 6. Bg5 c5 7. d5 h6 8. Be3 e6 9. Nf3 exd5 10. exd5 Re8 11. 0-0 Nbd7 12. h3 Rxe3 13. fxe3 Qe7 14. Qd2 Nh5 15. Bd3 Ne5 16. Nxe5 Bxe5 17. Rf3 f5 18. Qf2 Bd7 19. Ne2 Qg7 20. Kh1 Nf6 21. Nf4 Re8 22. Qc2 h5 23. Raf1 1/2-1/2

[Event "Pardubice Czech op-A 32nd"]
[Site "Pardubice"]
[Date "2021.07.25"]
[Round "3"]
[White "Lorscheid, Gerhard"]
[Black "Levitan, Ronit"]
[Result "0-1"]
[WhiteElo "2191"]
[BlackElo "1909"]
[PlyCount "68"]
[EventDate "2021.07.23"]
[EventType "swiss"]
[EventRounds "9"]
[EventCountry "CZE"]
[SourceTitle "CBM 203 Extra"]
[Source "ChessBase"]
[SourceDate "2021.09.30"]
[SourceVersion "1"]
[SourceVersionDate "2021.09.30"]
[SourceQuality "1"]

1. d4 Nf6 2. c4 e6 3. Nf3 d5 4. Nc3 Be7 5. Bf4 0-0 6. e3 c5 7. dxc5 Bxc5 8. Be2 Nc6 9. 0-0 dxc4 10. Bxc4 b6 11. a3 Bb7 12. b4 Be7 13. Qb3 Nh5 14. Rfd1 Qc8 15. Bd6 Bxd6 16. Rxd6 Qc7 17. Nb5 Qe7 18. Rad1 Rad8 19. h3 a6 20. Rxd8 Rxd8 21. Rxd8+ Qxd8 22. Bxe6 fxe6 23. Qxe6+ Kf8 24. Nd6 Qe7 25. Qf5+ Nf6 26. Nxb7 Qxb7 27. Ng5 Qd7 28. Nxh7+ Ke7 29. Qg6 Nxh7 30. Qxh7 Qd1+ 31. Kh2 Qd6+ 32. f4 Qf6 33. Qd3 b5 34. g4 g5 0-1

[Event "Ceske Budejovice op"]
[Site "Ceske Budejovice"]
[Date "2021.07.08"]
[Round "8"]
[White "Lorscheid, Gerhard"]
[Black "Simek, Petr"]
[Result "1/2-1/2"]
[WhiteElo "2191"]
[BlackElo "2282"]
[PlyCount "33"]
[EventDate "2021.07.01"]
[EventType "swiss"]
[EventRounds "9"]
[EventCountry "CZE"]
[SourceTitle "CBM 203 Extra"]
[Source "ChessBase"]
[SourceDate "2021.09.30"]
[SourceVersion "1"]
[SourceVersionDate "2021.09.30"]
[SourceQuality "1"]

1. c4 e5 2. g3 d6 3. Bg2 f5 4. Nc3 Nf6 5. d3 Be7 6. e4 c6 7. Nge2 0-0 8. 0-0 Na6 9. d4 Qe8 10. d5 cxd5 11. exd5 Qh5 12. f4 Bd8 13. Na4 Bd7 14. Nec3 Qxd1 15. Rxd1 e4 16. Be3 Ng4 17. Bd4 1/2-1/2

[Event "Ceske Budejovice op"]
[Site "Ceske Budejovice"]
[Date "2021.07.07"]
[Round "7"]
[White "Sieber, Fiona"]
[Black "Lorscheid, Gerhard"]
[Result "1/2-1/2"]
[WhiteElo "2261"]
[BlackElo "2191"]
[PlyCount "83"]
[EventDate "2021.07.01"]
[EventType "swiss"]
[EventRounds "9"]
[EventCountry "CZE"]
[SourceTitle "CBM 203 Extra"]
[Source "ChessBase"]
[SourceDate "2021.09.30"]
[SourceVersion "1"]
[SourceVersionDate "2021.09.30"]
[SourceQuality "1"]

1. e4 d6 2. d4 Nf6 3. Nc3 e5 4. Nge2 Be7 5. f3 exd4 6. Nxd4 0-0 7. Bc4 c6 8. Be3 d5 9. exd5 Nxd5 10. Bxd5 cxd5 11. 0-0 Nc6 12. Bf2 Ne5 13. Re1 Bf6 14. Nde2 Nc4 15. b3 Nb6 16. Qd3 g6 17. Bd4 Bf5 18. Bxf6 Qxf6 19. Qd4 Qxd4+ 20. Nxd4 Rfc8 21. Re3 Bd7 22. a4 a5 23. Kf2 Kf8 24. g4 Rc5 25. Ke2 Re8 26. Rxe8+ Kxe8 27. Kd3 Ke7 28. Rg1 Rc8 29. h4 Rh8 30. f4 Kd6 31. Nd1 Nc8 32. Ne3 Ne7 33. Rh1 Nc6 34. h5 Nxd4 35. Kxd4 Re8 36. hxg6 Re4+ 37. Kd3 hxg6 38. Rf1 Re8 39. f5 gxf5 40. Nxf5+ Bxf5+ 41. Rxf5 Re7 42. Rf4 1/2-1/2

[Event "Ceske Budejovice op"]
[Site "Ceske Budejovice"]
[Date "2021.07.05"]
[Round "5"]
[White "Stinka, Jakub"]
[Black "Lorscheid, Gerhard"]
[Result "0-1"]
[WhiteElo "2237"]
[BlackElo "2191"]
[PlyCount "82"]
[EventDate "2021.07.01"]
[EventType "swiss"]
[EventRounds "9"]
[EventCountry "CZE"]
[SourceTitle "CBM 203 Extra"]
[Source "ChessBase"]
[SourceDate "2021.09.30"]
[SourceVersion "1"]
[SourceVersionDate "2021.09.30"]
[SourceQuality "1"]

1. d4 d6 2. Nf3 Nf6 3. c4 g6 4. Nc3 Bf5 5. Nh4 Bd7 6. e4 e5 7. Nf3 exd4 8. Nxd4 Bg7 9. Be2 0-0 10. Be3 Nc6 11. 0-0 Re8 12. f3 Nh5 13. f4 f5 14. Bxh5 gxh5 15. Qd2 fxe4 16. Nxc6 bxc6 17. f5 Qe7 18. Rad1 Rf8 19. Bg5 Qe5 20. f6 e3 21. Bxe3 Rxf6 22. Rxf6 Bxf6 23. c5 Bg4 24. Bd4 Qxd4+ 25. Qxd4 Bxd4+ 26. Rxd4 d5 27. h3 Bf5 28. Ra4 Bd3 29. Kf2 a5 30. b4 Rf8+ 31. Ke3 axb4 32. Rxb4 Bf1 33. Rb7 Bxg2 34. Rxc7 Rf3+ 35. Kd4 Rf4+ 36. Ke5 Rc4 37. Ne2 Re4+ 38. Kf6 Bxh3 39. Re7 Rxe7 40. Kxe7 h4 41. Nf4 Bf1 0-1

[Event "Ceske Budejovice op"]
[Site "Ceske Budejovice"]
[Date "2021.07.03"]
[Round "3"]
[White "Richter, Martin1111"]
[Black "Lorscheid, Gerhard"]
[Result "0-1"]
[WhiteElo "1966"]
[BlackElo "2191"]
[PlyCount "92"]
[EventDate "2021.07.01"]
[EventType "swiss"]
[EventRounds "9"]
[EventCountry "CZE"]
[SourceTitle "CBM 203 Extra"]
[Source "ChessBase"]
[SourceDate "2021.09.30"]
[SourceVersion "1"]
[SourceVersionDate "2021.09.30"]
[SourceQuality "1"]

1. e4 d6 2. d4 Nf6 3. Nc3 e5 4. Nge2 Be7 5. g3 Bg4 6. dxe5 dxe5 7. Qxd8+ Bxd8 8. Bg2 Na6 9. Be3 c6 10. f3 Be6 11. a3 Bb6 12. Bxb6 axb6 13. Kf2 b5 14. Nc1 Ke7 15. Nd3 Nd7 16. Rhd1 f6 17. Bf1 Ra7 18. Rd2 Nb6 19. b3 Nd7 20. Rad1 Nac5 21. Nxc5 Nxc5 22. Nb1 Raa8 23. Ke3 g5 24. g4 h5 25. h3 h4 26. Be2 Rhc8 27. Kf2 Rc7 28. Ke3 Rd7 29. Rxd7+ Bxd7 30. Bf1 Ne6 31. Rd2 Nd4 32. Bd3 Be6 33. Bf1 b4 34. a4 b5 35. axb5 Ra1 36. b6 Bc8 37. Rd1 Nxc2+ 38. Kd2 Nd4 39. Ke3 Kd6 40. Bc4 Kc5 41. Nc3 bxc3 42. Rxa1 Nc2+ 43. Kd3 Nxa1 44. Kxc3 Kxb6 45. Kb2 Nxb3 46. Kxb3 Ba6 0-1

[Event "Cattolica op-A 8th"]
[Site "Cattolica"]
[Date "2021.05.30"]
[Round "4"]
[White "Piangerelli, Michele"]
[Black "Lorscheid, Gerhard"]
[Result "0-1"]
[WhiteElo "2045"]
[BlackElo "2204"]
[PlyCount "72"]
[EventDate "2021.05.27"]
[EventType "swiss"]
[EventRounds "9"]
[EventCountry "ITA"]
[SourceTitle "CBM 203 Extra"]
[Source "ChessBase"]
[SourceDate "2021.09.30"]
[SourceVersion "1"]
[SourceVersionDate "2021.09.30"]
[SourceQuality "1"]

1. d4 d6 2. Nf3 g6 3. c4 Bg7 4. e4 Nf6 5. Nc3 0-0 6. Be2 Na6 7. 0-0 e5 8. dxe5 dxe5 9. Qxd8 Rxd8 10. Bg5 h6 11. Bxf6 Bxf6 12. Nd5 Kg7 13. b4 c6 14. Nxf6 Kxf6 15. a3 Nc7 16. Rfd1 Bg4 17. Rxd8 Rxd8 18. h3 Bxf3 19. Bxf3 Ne6 20. Rd1 Nd4 21. Kf1 Ra8 22. Rd3 a5 23. Bd1 axb4 24. axb4 Ke7 25. f4 f6 26. g4 Ra1 27. h4 Rb1 28. g5 hxg5 29. hxg5 Rxb4 30. f5 fxg5 31. fxg6 Rb1 32. Kf2 Kf6 33. Bh5 Rh1 34. Bf3 Rh3 35. g7 Kxg7 36. Be2 Rh2+ 0-1

[Event "Cattolica op-A 8th"]
[Site "Cattolica"]
[Date "2021.05.28"]
[Round "2"]
[White "Costa, Leonardo"]
[Black "Lorscheid, Gerhard"]
[Result "1-0"]
[WhiteElo "2069"]
[BlackElo "2204"]
[PlyCount "57"]
[EventDate "2021.05.27"]
[EventType "swiss"]
[EventRounds "9"]
[EventCountry "ITA"]
[SourceTitle "CBM 203 Extra"]
[Source "ChessBase"]
[SourceDate "2021.09.30"]
[SourceVersion "1"]
[SourceVersionDate "2021.09.30"]
[SourceQuality "1"]

1. e4 d6 2. d4 Nf6 3. Nc3 g6 4. f3 c6 5. Be3 Nbd7 6. Qd2 b5 7. g4 Nb6 8. h4 h5 9. g5 Nfd7 10. d5 Ne5 11. dxc6 Nbc4 12. Bxc4 Nxc4 13. Qd4 Rg8 14. Nxb5 Qa5+ 15. Nc3 Be6 16. Bd2 Bg7 17. Qf2 Rc8 18. Nd5 Qxd2+ 19. Qxd2 Nxd2 20. Kxd2 Rxc6 21. Nb4 Bxb2 22. Nxc6 Bxa1 23. Ne2 Bg7 24. Rb1 f6 25. Rb7 Bd7 26. Rb8+ Kf7 27. Nd8+ Ke8 28. Nf4 fxg5 29. Nde6+ 1-0

[Event "Krakow op-A 31st"]
[Site "Krakow"]
[Date "2021.01.02"]
[Round "7"]
[White "Salna, Aleksandras"]
[Black "Lorscheid, Gerhard"]
[Result "1/2-1/2"]
[WhiteElo "2102"]
[BlackElo "2199"]
[PlyCount "108"]
[EventDate "2020.12.27"]
[EventType "swiss"]
[EventRounds "9"]
[EventCountry "POL"]
[SourceTitle "CBM 200 Extra"]
[Source "ChessBase"]
[SourceDate "2021.03.31"]
[SourceVersion "1"]
[SourceVersionDate "2021.03.31"]
[SourceQuality "1"]

1. d4 d6 2. c4 Nf6 3. Nc3 e5 4. e4 exd4 5. Qxd4 Nc6 6. Qd1 g6 7. Bd3 Bg7 8. Nge2 0-0 9. 0-0 Ne5 10. Rb1 Nfd7 11. b3 Nxd3 12. Qxd3 Nc5 13. Qd1 f5 14. Be3 Nxe4 15. Nxe4 fxe4 16. Ng3 c6 17. Bd4 d5 18. Bxg7 Kxg7 19. cxd5 cxd5 20. Qd4+ Kg8 21. f3 exf3 22. Rxf3 Rxf3 23. gxf3 Qb6 24. Qxb6 axb6 25. a4 Be6 26. Ne2 Rc8 27. Rb2 Kf7 28. Kf2 Kf6 29. Ke3 Ke5 30. Rd2 Bf5 31. Rd4 Kd6 32. Rb4 Re8+ 33. Kd2 Kc7 34. Rb5 Be6 35. Nf4 Kc6 36. Nd3 Rf8 37. Ke3 Rf5 38. Rb4 Rh5 39. h4 d4+ 40. Rxd4 Bxb3 41. Rb4 Be6 42. Re4 Bd5 43. Rb4 Kc7 44. Nf4 Rf5 45. h5 gxh5 46. Nxd5+ Rxd5 47. Rf4 b5 48. axb5 Rxb5 49. Rf7+ Kd6 50. Rxh7 Re5+ 51. Kd4 Rd5+ 52. Ke4 b5 53. f4 Kc5 54. f5 Rd8 1/2-1/2